2024年開催G1の2着馬 - Statistics

General Stats
  • This quiz has been taken 37 times
  • The average score is 15 of 25
Answer Stats
競走名 馬名 騎手名 勝ち馬 % Correct
有馬記念 シャフリヤール C.デムーロ レガレイラ
92%
東京優駿(日本ダービー) ジャスティンミラノ 戸崎圭太 ダノンデサイル
88%
ジャパンカップ シンエンペラー 坂井瑠星 ドウデュース
88%
高松宮記念 ナムラクレア 浜中俊 マッドクール
85%
優駿牝馬(オークス) ステレンボッシュ 戸崎圭太 チェルヴィニア
81%
チャンピオンズカップ ウィルソンテソーロ 川田将雅 レモンポップ
81%
宝塚記念 ソールオリエンス 横山武史 ブローザホーン
77%
ジャパンカップ ドゥレッツァ W.ビュイック ドウデュース
73%
フェブラリーステークス ガイアフォース 長岡禎仁 ペプチドナイル
69%
安田記念 ナミュール 武豊 ロマンチックウォリアー
65%
天皇賞(秋) タスティエーラ 松山弘平 ドウデュース
65%
桜花賞 アスコリピチェーノ 北村宏司 ステレンボッシュ
62%
皐月賞 コスモキュランダ J.モレイラ ジャスティンミラノ
62%
NHKマイルカップ アスコリピチェーノ C.ルメール ジャンタルマンタル
62%
天皇賞(春) ブローザホーン 菅原明良 テーオーロイヤル
54%
ホープフルステークス ジョバンニ 松山弘平 クロワデュノール
54%
秋華賞 ボンドガール 武豊 チェルヴィニア
50%
マイルチャンピオンシップ エルトンバローズ 西村淳也 ソウルラッシュ
50%
菊花賞 ヘデントール 戸崎圭太 アーバンシック
46%
阪神ジュベナイルフィリーズ ビップデイジー 幸英明 アルマヴェローチェ
46%
大阪杯 ローシャムパーク 戸崎圭太 べラジオオペラ
38%
エリザベス女王杯 ラヴェル 川田将雅 スタニングローズ
38%
ヴィクトリアマイル フィアスプライド C.ルメール テンハッピーローズ
35%
スプリンターズステークス トウシンマカオ 菅原明良 ルガル
35%
朝日杯フューチュリティステークス ミュージアムマイル C.デムーロ アドマイヤズーム
31%
No matching quizzes found
Score Distribution
Percent of People with Each Score
Percentile by Number Answered
Your Score History
You have not taken this quiz